loml lyrics - Statistics

General Stats
  • This quiz has been taken 19 times
  • The average score is 321 of 367
Answer Stats
Lyrics % Correct
a
100%
A
100%
be
100%
go
100%
I
100%
"I
100%
it
100%
It
100%
me
100%
mind,
100%
mind"
100%
of
100%
said,
100%
said
100%
the
100%
The
100%
then
100%
was
100%
we
100%
We
100%
"We
100%
all
91%
All
91%
almost
91%
and
91%
And
91%
anyway?
91%
are
91%
babe"
91%
back
91%
bed
91%
better
91%
buried
91%
can't
91%
'cause
91%
could
91%
counterfeit's
91%
cradles
91%
cry
91%
Dancing
91%
dead?
91%
don't
91%
embarrassed
91%
fire
91%
flames
91%
from
91%
get
91%
gonna
91%
had
91%
hand
91%
how
91%
"I'll
91%
I'll
91%
in
91%
In
91%
into
91%
just
91%
kids,
91%
know
91%
leave,"
91%
life
91%
loss
91%
my
91%
Never
91%
never
91%
"Never
91%
on
91%
out
91%
phantoms
91%
quite
91%
rekindled
91%
safe
91%
second
91%
shit
91%
something
91%
steps
91%
stop
91%
table
91%
takes
91%
talked
91%
Talkin'
91%
talkin'
91%
terrace,
91%
than
91%
that
91%
they
91%
thought
91%
time
91%
time"
91%
under
91%
un-recall
91%
us
91%
waltzing
91%
were
91%
Who's
91%
wish
91%
you
91%
You
91%
you?
91%
your
91%
Your
91%
You're
91%
arson's
82%
at
82%
away,
82%
before
82%
bland
82%
braids
82%
But
82%
cemetery
82%
claimed
82%
combing
82%
coward
82%
die
82%
dreams
82%
embroidered
82%
engulfed
82%
field
82%
getting
82%
Girl
82%
glimpse,
82%
goodbye
82%
he
82%
her
82%
if
82%
If
82%
I'm
82%
it's
82%
killing
82%
kiss
82%
legendary
82%
let
82%
lies
82%
lion
82%
love
82%
make
82%
married
82%
match,
82%
memories
82%
Mr.
82%
Oh,
82%
one
82%
Our
82%
rings
82%
roar
82%
see
82%
Should've
82%
since
82%
somber
82%
starry-eyed
82%
stay
82%
Steal
82%
Still
82%
still
82%
stitching
82%
suit
82%
through
82%
tie,
82%
to
82%
unnecessary
82%
until
82%
valiant
82%
What
82%
what
82%
about
73%
aglow
73%
alive,
73%
bleeds
73%
blew
73%
boy,
73%
down
73%
dynamite
73%
ever
73%
eyes
73%
fakes
73%
fate
73%
felt
73%
fool,
73%
for
73%
Ghost,
73%
guy
73%
heaven
73%
hell
73%
hole
73%
Holy
73%
impressionist
73%
ink
73%
like
73%
low
73%
man
73%
million
73%
momentary
73%
nick
73%
once,
73%
paintings
73%
quick
73%
reformed
73%
scheme
73%
sells
73%
stand
73%
this
73%
those
73%
times
73%
told
73%
too
73%
took
73%
turned
73%
up
73%
Well,
73%
when
73%
When
73%
winds
73%
with
73%
black
64%
cinephile,
64%
con
64%
I've
64%
plot
64%
tell
64%
truth
64%
twists
64%
white
64%
No matching quizzes found
Score Distribution
Percent of People with Each Score
Percentile by Number Answered
Your Score History
You have not taken this quiz